000 00311nam a22001217a 4500
008 160503b xxu||||| |||| 00| 0 eng d
020 _a9780976504801
020 _a0976504804
041 _aeng
080 _a61
245 _aHealthier at home:
_cJaur Cuide at Sell Care; Wise Health Corumerisn;
942 _2udc
_cBK
999 _c1758
_d1758